| 000 | 00612nam a2200205 u 4500 | ||
|---|---|---|---|
| 005 | 20210223132457.0 | ||
| 008 | 141001s2001 cr r 000 0 spa d | ||
| 020 | _a9968151262 | ||
| 035 | _aUPN01000199897 | ||
| 049 | _aI | ||
| 050 | 4 |
_aPZ73 _bB4.2 |
|
| 100 | 1 |
_aBerríos Hernández, Rubén, _d1936-2007 _936544 |
|
| 245 | 1 | 0 |
_aCanción de mar y canela / _cRubén Berríos H. ; il. Vicky Ramos. |
| 260 |
_aSan José, C. R. : _bFarben, _c2001. |
||
| 300 |
_a55 p. : _bil. col. |
||
| 440 | 0 | _aCajita de palabras | |
| 650 | 4 |
_aLITERATURA INFANTIL HONDUREÑA _922266 |
|
| 905 | _aInfantil | ||
| 999 |
_c171998 _d171998 |
||